| 000 | 00575 a2200193 4500 | ||
|---|---|---|---|
| 005 | 20241009144843.0 | ||
| 010 | _aENG-142002 | ||
| 020 |
_a9788170547440 _c500.00 |
||
| 035 | _aEN-125534 | ||
| 037 | _bDBAD | ||
| 082 |
_a371.10954 _21 |
||
| 100 |
_aTandon, Shruti _972511 |
||
| 245 |
_aTeachers in the Making/ _cBy Shruti Tandon |
||
| 250 | _a1 | ||
| 260 |
_aNew Delhi _bClassical Publishing Company _c2016 |
||
| 270 |
_a28, Shopping Centre, Karampura _bNew Delhi _cDelhi _e110015 |
||
| 300 |
_a192p. _c22cm.(Hb) |
||
| 942 |
_adpl _cEN _2ddc _h371.10954 _mTAN |
||
| 999 |
_c206200 _d206200 |
||